UITU Library & LRC     

Microprocessor Architecture,Programming, and Applications with 8085 (Record no. 5398)

MARC details
000 -LEADER
fixed length control field 00542nam a2200181Ia 4500
008 - FIXED-LENGTH DATA ELEMENTS--GENERAL INFORMATION
fixed length control field 240925s9999 xx 000 0 und d
020 ## - INTERNATIONAL STANDARD BOOK NUMBER
International Standard Book Number 131988557
082 ## - DEWEY DECIMAL CLASSIFICATION NUMBER
Classification number 004.165 GAO
100 ## - MAIN ENTRY--PERSONAL NAME
Personal name Gaonkar ,Ramesh S.
245 #0 - TITLE STATEMENT
Title Microprocessor Architecture,Programming, and Applications with 8085
250 ## - EDITION STATEMENT
Edition statement 3rd
260 ## - PUBLICATION, DISTRIBUTION, ETC.
Place of publication, distribution, etc. New Jersey:
Name of publisher, distributor, etc. Printice- Hall Int.
Date of publication, distribution, etc. ,1996.
300 ## - PHYSICAL DESCRIPTION
Extent viii,504p.
Other physical details NA
Type of unit Original
500 ## - GENERAL NOTE
General note Includes Index
600 ## - SUBJECT ADDED ENTRY--PERSONAL NAME
Personal name Computer Science
650 ## - SUBJECT ADDED ENTRY--TOPICAL TERM
Topical term or geographic name entry element Computer science, information & general works
942 ## - ADDED ENTRY ELEMENTS (KOHA)
Koha item type Books
Holdings
Withdrawn status Lost status Damaged status Not for loan Collection Home library Current library Date acquired Source of acquisition Total checkouts Full call number Barcode Date last seen Price effective from Koha item type
        Computer Science UITU Library UITU Library 08/16/2000 NA   004.165 GAO Q2899 09/25/2024 09/25/2024 Books

Powered by Koha